| 000 | 00625nam a2200241Ia 4500 | ||
|---|---|---|---|
| 005 | 20260430150105.0 | ||
| 008 | 008 250103s9999 xx 000 0 eng d | ||
| 037 | _aTheses | ||
| 040 | _aCRL | ||
| 040 | _beng | ||
| 040 | _ceng | ||
| 041 | _2eng | ||
| 041 | _aeng | ||
| 084 | _qCRL | ||
| 100 |
_aKannan Tara Au.; Singh Ojesh Pratap Gu. _91236425 |
||
| 245 | 3 | _aAn analytical study of the compositions of PT. Jagannath Buwa Purohit | |
| 260 | _c2022 | ||
| 300 | _a191p. | ||
| 650 | _aMusic | ||
| 700 | _aUniversity of Delhi. Faculty of Music. Department of Music | ||
| 942 | _cTH | ||
| 999 |
_c1848921 _d1848921 |
||